| 000 | 00000nam 2200000zi 4500 |
| 001 | 9.920314 |
| 003 | CaOODSP |
| 005 | 20240318101959 |
| 006 | m o d f |
| 007 | cr mn||||||||| |
| 008 | 230221e202303##quc ob f000 0 eng d |
| 020 | |a9780660477404 |
| 040 | |aCaOODSP|beng|erda|cCaOODSP |
| 043 | |an-cn--- |
| 086 | 1 |aEm12-98/2023E-PDF |
| 245 | 00|aGuidance on the Accessible Canada Regulations : |bprogress reports. |
| 264 | 1|a[Gatineau, Quebec] : |bEmployment and Social Development Canada = Emploi et deĢveloppement social Canada, |cMarch 2023. |
| 264 | 4|c©2023 |
| 300 | |a1 online resource (15 pages) |
| 336 | |atext|btxt|2rdacontent |
| 337 | |acomputer|bc|2rdamedia |
| 338 | |aonline resource|bcr|2rdacarrier |
| 500 | |aIssued also in French under title: Lignes directrices sur le Règlement canadien sur l'accessibilité : rapports d'étape. |
| 504 | |aIncludes bibliographical references. |
| 650 | 0|aBarrier-free design|zCanada|xPlanning. |
| 650 | 0|aBarrier-free design|xLaw and legislation|zCanada. |
| 710 | 1 |aCanada. |bEmployment and Social Development Canada, |eissuing body. |
| 775 | 08|tLignes directrices sur le Règlement canadien sur l'accessibilité : |w(CaOODSP)9.920316 |
| 856 | 40|qPDF|s487 KB|uhttps://publications.gc.ca/collections/collection_2023/edsc-esdc/Em12-98-2023-eng.pdf |
| 856 | 4 |qHTML|sN/A|uhttps://www.canada.ca/en/employment-social-development/programs/accessible-canada-regulations-guidance/progress-reports.html |